00835cam a22002894i 4500003000900000005001700009008004100026020001500067035002700082040003300109082002100142100003600163245003500199264007100234300003800305336002100343337002500364338002300389505005100412526000900463526000900472526000800481526000800489526000800497526000800505650003200513PE-LiUPU20250731175645.0150616s r 000 0 d a0802806651 a(Sirsi) i9780802806659 aPE-LiUPUbspacPE-LiUPUerda04a487.415bC822211 aCountryman, L. William,eautor.14aThe New Testament Is in Greek. 1aGrand Rapids, Michigan :bW.B. Eerdmans Publishing Company,c1993. a205 páginas ;c22 centímetros atext2rdacontent aunmediated2rdamedia avolume2rdacarrier0 aGramática griega bíblica Griego bíblico. aP145 aP127 aP97 aP35 aP14 aP0704aGRIEGO BIBLICO - GRAMATICA.